[Event "I. Sarkany-Aranytiz GM"]
[Site "Budapest"]
[Date "2012.08.18"]
[Round "1"]
[White "Jakab, Attila"]
[Black "Petenyi, Tamas"]
[Result "0-1"]
[WhiteElo "2405"]
[BlackElo "2445"]
[PlyCount "76"]
[EventDate "2012.08.18"]
[EventType "tourn"]
[EventRounds "9"]
[EventCountry "HUN"]
[EventCategory "9"]

1. d4 Nf6 2. c4 g6 3. Nc3 Bg7 4. e4 d6 5. Nge2 Nbd7 6. Ng3 e5 7. d5 a5 8. Be2
Nc5 9. h4 h5 10. Bg5 Bd7 11. Qd2 Qe7 12. O-O-O Qf8 13. Kb1 Nh7 14. Be3 b6 15.
Rde1 Qe7 16. Bd1 a4 17. Bc2 O-O 18. Bh6 Rfb8 19. Bxg7 Kxg7 20. Nf1 b5 21. cxb5
Bxb5 22. Ne3 Bd7 23. g3 Rb7 24. f4 Rab8 25. Ncd1 Nf6 26. Qg2 exf4 27. gxf4
Nfxe4 28. Re2 f5 29. Rg1 Qf6 30. Bxe4 Nxe4 31. Qf3 a3 32. b3 Kh7 33. Nc2 Ba4
34. Na1 Bb5 35. Reg2 Qd4 36. Qe3 Bd3+ 37. Nc2 Qxd5 38. Qc1 Nc5 0-1

[Event "I. Sarkany-Aranytiz GM"]
[Site "Budapest"]
[Date "2012.08.18"]
[Round "1"]
[White "Kislik, Erik Andrew"]
[Black "Gonda, Laszlo"]
[Result "1/2-1/2"]
[WhiteElo "2409"]
[BlackElo "2547"]
[PlyCount "25"]
[EventDate "2012.08.18"]
[EventType "tourn"]
[EventRounds "9"]
[EventCountry "HUN"]
[EventCategory "9"]

1. e4 e5 2. Nf3 Nc6 3. Bc4 Bc5 4. c3 Nf6 5. d4 exd4 6. cxd4 Bb4+ 7. Bd2 Bxd2+
8. Nbxd2 d5 9. exd5 Nxd5 10. Qb3 Nce7 11. O-O O-O 12. Rfe1 c6 13. Ne4 1/2-1/2

[Event "I. Sarkany-Aranytiz GM"]
[Site "Budapest"]
[Date "2012.08.18"]
[Round "1"]
[White "Tesik, Csaba"]
[Black "Illner, Achim"]
[Result "1-0"]
[WhiteElo "2347"]
[BlackElo "2463"]
[PlyCount "79"]
[EventDate "2012.08.18"]
[EventType "tourn"]
[EventRounds "9"]
[EventCountry "HUN"]
[EventCategory "9"]

1. e4 e6 2. d4 d5 3. Nd2 Nf6 4. e5 Nfd7 5. f4 c5 6. c3 Nc6 7. Ndf3 Qb6 8. g3
Be7 9. Bh3 a5 10. Ne2 a4 11. O-O O-O 12. Kh1 a3 13. b3 cxd4 14. cxd4 Ndb8 15.
Nc3 Nb4 16. Be3 Bd7 17. g4 Qa6 18. Ne1 N8c6 19. Rf2 f6 20. exf6 Bxf6 21. g5 Bd8
22. Qd2 Ba5 23. Na4 b6 24. Bf1 Qb7 25. Nf3 Ne7 26. Ne5 Nbc6 27. Qd3 Nf5 28.
Nxc6 Bxc6 29. Rc2 Bb4 30. Rac1 Bxa4 31. bxa4 Bd6 32. Bh3 Rxa4 33. Rc6 Qd7 34.
Bxf5 Rxf5 35. Qb5 Ra8 36. Rc8+ Qxc8 37. Rxc8+ Rxc8 38. Qd7 Rc3 39. Qxe6+ Rf7
40. f5 1-0

[Event "I. Sarkany-Aranytiz GM"]
[Site "Budapest"]
[Date "2012.08.19"]
[Round "2"]
[White "Petenyi, Tamas"]
[Black "Berczes, David"]
[Result "1/2-1/2"]
[WhiteElo "2445"]
[BlackElo "2530"]
[PlyCount "55"]
[EventDate "2012.08.18"]
[EventType "tourn"]
[EventRounds "9"]
[EventCountry "HUN"]
[EventCategory "9"]

1. e4 c6 2. d4 d5 3. e5 Bf5 4. Nc3 a6 5. g4 Bd7 6. Be3 e6 7. f4 h5 8. gxh5 Qh4+
9. Kd2 Nh6 10. Qf3 c5 11. Bf2 Qd8 12. dxc5 Qa5 13. Bd3 d4 14. Bxd4 Bc6 15. Be4
Bxe4 16. Qxe4 Nc6 17. Nf3 O-O-O 18. Rad1 Bxc5 19. Kc1 Bb4 20. Rd3 Nf5 21. Rhd1
Rxh5 22. Bg1 Bxc3 23. Rxc3 Rxd1+ 24. Kxd1 Nfe7 25. Nd4 Qd5 26. Qxd5 Nxd5 27.
Rc5 Kc7 28. Rc4 1/2-1/2

[Event "I. Sarkany-Aranytiz GM"]
[Site "Budapest"]
[Date "2012.08.19"]
[Round "2"]
[White "Gonda, Laszlo"]
[Black "Tesik, Csaba"]
[Result "1/2-1/2"]
[WhiteElo "2547"]
[BlackElo "2347"]
[PlyCount "41"]
[EventDate "2012.08.18"]
[EventType "tourn"]
[EventRounds "9"]
[EventCountry "HUN"]
[EventCategory "9"]

1. Nf3 Nf6 2. c4 c5 3. g3 d5 4. cxd5 Nxd5 5. Bg2 Nc6 6. Nc3 Nc7 7. O-O e5 8. a3
f6 9. e3 Bg4 10. h3 Bh5 11. Qa4 Qd7 12. b4 cxb4 13. axb4 Bxb4 14. Nxe5 fxe5 15.
Bxc6 bxc6 16. Qxb4 Bf3 17. Ba3 Kf7 18. Ne4 h6 19. Nd6+ Kg8 20. Kh2 Ne6 21. Qb7
1/2-1/2

[Event "I. Sarkany-Aranytiz GM"]
[Site "Budapest"]
[Date "2012.08.19"]
[Round "2"]
[White "Jakab, Attila"]
[Black "Kislik, Erik Andrew"]
[Result "0-1"]
[WhiteElo "2405"]
[BlackElo "2409"]
[PlyCount "52"]
[EventDate "2012.08.18"]
[EventType "tourn"]
[EventRounds "9"]
[EventCountry "HUN"]
[EventCategory "9"]

1. d4 Nf6 2. c4 e6 3. Nc3 Bb4 4. e3 O-O 5. Bd3 d5 6. Nf3 c5 7. O-O Nc6 8. a3
Ba5 9. h3 dxc4 10. Bxc4 Qe7 11. Qe2 Bd7 12. Rd1 Rfd8 13. Bd2 cxd4 14. exd4 h6
15. Bf4 Be8 16. Ba2 Rac8 17. Rd3 Bxc3 18. bxc3 Qxa3 19. Qe1 Nb4 20. Rd2 Qxc3
21. Rb1 Nxa2 22. Rxa2 Qxe1+ 23. Nxe1 a6 24. Rxb7 Rxd4 25. Bg3 Rd1 26. f3 Bb5
0-1

[Event "I. Sarkany-Aranytiz GM"]
[Site "Budapest"]
[Date "2012.08.20"]
[Round "3"]
[White "Tesik, Csaba"]
[Black "Jakab, Attila"]
[Result "1-0"]
[WhiteElo "2347"]
[BlackElo "2405"]
[PlyCount "43"]
[EventDate "2012.08.18"]
[EventType "tourn"]
[EventRounds "9"]
[EventCountry "HUN"]
[EventCategory "9"]

1. e4 c5 2. Nf3 g6 3. d4 Bg7 4. dxc5 Qa5+ 5. c3 Qxc5 6. Na3 Qa5 7. Bc4 Nc6 8.
Qb3 Nd8 9. Bf4 Ne6 10. Bxe6 fxe6 11. Nb5 d6 12. Qc4 e5 13. b4 Qa4 14. Nc7+ Kd8
15. Nxa8 Qc6 16. Qxc6 bxc6 17. Be3 Bb7 18. Nb6 axb6 19. Bxb6+ Kd7 20. O-O Nf6
21. Rfe1 Ba6 22. Nd2 1-0

[Event "I. Sarkany-Aranytiz GM"]
[Site "Budapest"]
[Date "2012.08.20"]
[Round "3"]
[White "Fodor, Tamas Jr"]
[Black "Gonda, Laszlo"]
[Result "1-0"]
[WhiteElo "2503"]
[BlackElo "2547"]
[PlyCount "123"]
[EventDate "2012.08.18"]
[EventType "tourn"]
[EventRounds "9"]
[EventCountry "HUN"]
[EventCategory "9"]

1. d4 e6 2. Nf3 c5 3. g3 cxd4 4. Nxd4 d5 5. Bg2 Nf6 6. O-O Be7 7. c4 O-O 8.
cxd5 Nxd5 9. Qb3 Na6 10. Rd1 Nc5 11. Qc2 Nb4 12. Qc4 e5 13. Qxb4 Ne6 14. Qd2
exd4 15. Na3 Bf6 16. Qb4 Re8 17. Bf3 Rb8 18. Nc4 b6 19. Qa3 a5 20. Bd2 Ba6 21.
Rac1 Rc8 22. b3 Rc5 23. Bb4 Rb5 24. Bd6 Ng5 25. b4 Nxf3+ 26. Qxf3 axb4 27. e3
Qa8 28. Qxa8 Rxa8 29. e4 b3 30. e5 Bg5 31. Ra1 b2 32. Rab1 Bb7 33. f4 Bd8 34.
a3 Be4 35. Rxb2 Rxb2 36. Nxb2 d3 37. Nxd3 g5 38. Kf2 Rc8 39. Ke3 Bf5 40. Rc1
Ra8 41. Rc3 gxf4+ 42. gxf4 Bh4 43. Rb3 Rc8 44. Kd2 Bd8 45. Rc3 Ra8 46. Nb4 f6
47. Nc6 fxe5 48. Rg3+ Kf7 49. fxe5 Bh4 50. Rf3 Kg6 51. Nd4 Bg5+ 52. Kc3 Rc8+
53. Kb4 Bg4 54. Rg3 Kh5 55. h3 Bd7 56. e6 Be8 57. Nf5 Bg6 58. Rf3 Bxf5 59. Rxf5
Kg6 60. Rf2 Rd8 61. e7 Re8 62. Re2 1-0

[Event "I. Sarkany-Aranytiz GM"]
[Site "Budapest"]
[Date "2012.08.20"]
[Round "3"]
[White "Berczes, David"]
[Black "Gonzalez, Bernal Manuel"]
[Result "1-0"]
[WhiteElo "2530"]
[BlackElo "2413"]
[PlyCount "135"]
[EventDate "2012.08.18"]
[EventType "tourn"]
[EventRounds "9"]
[EventCountry "HUN"]
[EventCategory "9"]

1. d4 d5 2. c4 c6 3. Nc3 Nf6 4. e3 a6 5. Nf3 b5 6. b3 Bg4 7. Qc2 Bxf3 8. gxf3
e6 9. c5 Nbd7 10. f4 g6 11. Bd3 Bg7 12. Bb2 Nh5 13. Ne2 a5 14. Ng1 f5 15. Nf3
Qe7 16. a3 Nhf6 17. O-O-O Ne4 18. Rdg1 a4 19. b4 Nef6 20. h4 Kd8 21. Ng5 Kc7
22. Qe2 Nh5 23. Qf1 Bf6 24. Nf3 Rhg8 25. Be2 Qf7 26. Nd2 Be7 27. Nf3 Bf6 28.
Ne1 Be7 29. Kb1 Bf6 30. Ka1 Be7 31. Nf3 Bf6 32. Nd2 Be7 33. Nb1 Ndf6 34. Rh2
Ne4 35. Bd3 Rab8 36. f3 Nef6 37. Nc3 Rgc8 38. Bxb5 cxb5 39. Nxb5+ Kd8 40. Nc3
Ra8 41. Qb5 Rcb8 42. Qd3 Ne8 43. b5 Nhf6 44. Na2 Nc7 45. b6 Na6 46. Qb5 Qe8 47.
c6 Nc7 48. bxc7+ Kxc7 49. Qe2 Qf8 50. Nc3 Ra5 51. Nb1 Rab5 52. Qe1 R8b6 53. Nc3
Rb3 54. Nb1 Qb8 55. Rgg2 Ne8 56. e4 Bf6 57. exd5 Bxd4 58. Qxe6 Bxb2+ 59. Rxb2
Qd8 60. Rxb3 Rxb3 61. Re2 Nd6 62. Qe5 Kc8 63. Ka2 Nc4 64. Qd4 Nd6 65. Qxa4 Rxf3
66. Qa8+ Kc7 67. Qa7+ Kc8 68. Rb2 1-0

[Event "I. Sarkany-Aranytiz GM"]
[Site "Budapest"]
[Date "2012.08.21"]
[Round "4"]
[White "Petenyi, Tamas"]
[Black "Gonzalez, Bernal Manuel"]
[Result "1/2-1/2"]
[WhiteElo "2445"]
[BlackElo "2413"]
[PlyCount "34"]
[EventDate "2012.08.18"]
[EventType "tourn"]
[EventRounds "9"]
[EventCountry "HUN"]
[EventCategory "9"]

1. e4 c6 2. d4 d5 3. e5 Bf5 4. Nc3 e6 5. g4 Bg6 6. Nge2 c5 7. h4 h5 8. Nf4 Bh7
9. g5 cxd4 10. Nb5 Nc6 11. Qxh5 Nxe5 12. g6 Nxg6 13. Nxg6 Nf6 14. Qe5 Bxg6 15.
Nc7+ Kd7 16. Bb5+ Kc8 17. Nxa8 Ne4 1/2-1/2

[Event "I. Sarkany-Aranytiz GM"]
[Site "Budapest"]
[Date "2012.08.21"]
[Round "4"]
[White "Illner, Achim"]
[Black "Berczes, David"]
[Result "1/2-1/2"]
[WhiteElo "2463"]
[BlackElo "2530"]
[PlyCount "90"]
[EventDate "2012.08.18"]
[EventType "tourn"]
[EventRounds "9"]
[EventCountry "HUN"]
[EventCategory "9"]

1. d4 d5 2. Nf3 Nf6 3. c4 e6 4. Nc3 c6 5. cxd5 exd5 6. Bg5 h6 7. Bh4 Bf5 8. e3
Nbd7 9. Bd3 Bxd3 10. Qxd3 Bd6 11. O-O O-O 12. Rab1 a5 13. Qc2 Qe8 14. Bxf6 Nxf6
15. Rfe1 Ne4 16. Nxe4 dxe4 17. Nd2 f5 18. Nc4 Bc7 19. a4 Kh8 20. g3 Qe7 21. Qc3
Qb4 22. Qxb4 axb4 23. b3 Kg8 24. Ra1 Ra6 25. Kg2 Kf7 26. Re2 Ke6 27. Rc2 Rfa8
28. f3 exf3+ 29. Kxf3 Kf6 30. Nb2 Bd6 31. Nd3 Re8 32. Nc5 Ra7 33. a5 b6 34. Na4
Rae7 35. Rxc6 Rxe3+ 36. Kf2 Re2+ 37. Kg1 Kg5 38. Rxd6 Rd2 39. axb6 Ree2 40. b7
Rg2+ 41. Kf1 Rxh2 42. Ke1 Rdg2 43. Rg6+ Kxg6 44. Kf1 Rf2+ 45. Kg1 Rhg2+ 1/2-1/2

[Event "I. Sarkany-Aranytiz GM"]
[Site "Budapest"]
[Date "2012.08.21"]
[Round "4"]
[White "Jakab, Attila"]
[Black "Fodor, Tamas Jr"]
[Result "1/2-1/2"]
[WhiteElo "2405"]
[BlackElo "2503"]
[PlyCount "54"]
[EventDate "2012.08.18"]
[EventType "tourn"]
[EventRounds "9"]
[EventCountry "HUN"]
[EventCategory "9"]

1. d4 d5 2. c4 e6 3. Nc3 c5 4. cxd5 cxd4 5. Qxd4 Nc6 6. Qd1 exd5 7. Qxd5 Bd7 8.
Nf3 Nf6 9. Qd1 Bc5 10. e3 Qe7 11. Be2 O-O-O 12. O-O g5 13. Nd4 Qe5 14. Ncb5 a6
15. Nxc6 Bxc6 16. Nd4 Bxd4 17. exd4 Rxd4 18. Qc2 Kb8 19. Be3 Ng4 20. Bxg4 Rxg4
21. g3 Re4 22. Qd2 Re8 23. Rad1 h6 24. Qd6+ Qxd6 25. Rxd6 R4e6 26. Rxe6 Rxe6
27. g4 Kc7 1/2-1/2

[Event "I. Sarkany-Aranytiz GM"]
[Site "Budapest"]
[Date "2012.08.22"]
[Round "5"]
[White "Tesik, Csaba"]
[Black "Petenyi, Tamas"]
[Result "0-1"]
[WhiteElo "2347"]
[BlackElo "2445"]
[PlyCount "102"]
[EventDate "2012.08.18"]
[EventType "tourn"]
[EventRounds "9"]
[EventCountry "HUN"]
[EventCategory "9"]

1. e4 c5 2. Nf3 Nc6 3. d4 cxd4 4. Nxd4 Qb6 5. Nb3 Nf6 6. Nc3 e6 7. a3 Be7 8.
Bf4 O-O 9. e5 Ne8 10. Bd3 f5 11. g4 d6 12. Be3 Qc7 13. exd6 Nxd6 14. Qe2 Bf6
15. Bd2 Bd7 16. O-O-O Rae8 17. Kb1 Nd4 18. Nxd4 Bxd4 19. f4 Qb6 20. Rhe1 Bc6
21. g5 e5 22. fxe5 Rxe5 23. Qf1 Rxe1 24. Rxe1 Ne4 25. Bxe4 fxe4 26. Qc4+ Kh8
27. Bc1 Qc5 28. Qxc5 Bxc5 29. Be3 Bxe3 30. Rxe3 Rf1+ 31. Ka2 Rf4 32. Kb3 Kg8
33. Kc4 Kf7 34. b4 b6 35. Nd5 Rf5 36. Nc3 Rxg5 37. Nxe4 Rg2 38. Nd6+ Kf6 39. h3
Rxc2+ 40. Kd3 Ra2 41. Kc4 Rc2+ 42. Kd3 Rh2 43. Nc8 Bd7 44. Nxa7 Rxh3 45. Rxh3
Bxh3 46. Nc6 Bd7 47. Nd4 Ke5 48. Ke3 h5 49. Ne2 g5 50. Nc3 b5 51. Ne2 h4 0-1

[Event "I. Sarkany-Aranytiz GM"]
[Site "Budapest"]
[Date "2012.08.22"]
[Round "5"]
[White "Fodor, Tamas Jr"]
[Black "Kislik, Erik Andrew"]
[Result "1/2-1/2"]
[WhiteElo "2503"]
[BlackElo "2409"]
[PlyCount "60"]
[EventDate "2012.08.18"]
[EventType "tourn"]
[EventRounds "9"]
[EventCountry "HUN"]
[EventCategory "9"]

1. d4 Nf6 2. c4 g6 3. Nc3 d5 4. Bg5 Bg7 5. Bxf6 Bxf6 6. cxd5 c6 7. e4 O-O 8. e5
Bg7 9. Bc4 b5 10. Bb3 b4 11. Na4 cxd5 12. Ne2 e6 13. Rc1 Nd7 14. O-O a5 15. Bc2
Ba6 16. Bd3 Qb8 17. f4 Qb7 18. g4 Rfc8 19. Qd2 Bb5 20. Bxb5 Qxb5 21. b3 Nb6 22.
Nc5 Bf8 23. Nd3 Rxc1 24. Rxc1 Rc8 25. Rxc8 Nxc8 26. f5 Na7 27. h4 exf5 28. gxf5
Qd7 29. Ng3 Nb5 30. Nf2 Qc8 1/2-1/2

[Event "I. Sarkany-Aranytiz GM"]
[Site "Budapest"]
[Date "2012.08.22"]
[Round "5"]
[White "Medvegy, Zoltan"]
[Black "Jakab, Attila"]
[Result "1-0"]
[WhiteElo "2555"]
[BlackElo "2405"]
[PlyCount "73"]
[EventDate "2012.08.18"]
[EventType "tourn"]
[EventRounds "9"]
[EventCountry "HUN"]
[EventCategory "9"]

1. c4 e6 2. g3 Nf6 3. Bg2 Be7 4. Nf3 O-O 5. O-O d5 6. b3 b6 7. Nc3 Bb7 8. e3 c5
9. Bb2 Nc6 10. cxd5 Nxd5 11. Nxd5 Qxd5 12. d4 Qd8 13. dxc5 Bxc5 14. Ne5 Nxe5
15. Bxb7 Rb8 16. Be4 Ng6 17. Qe2 Qe7 18. Rad1 Ba3 19. Ba1 Bd6 20. Rd2 f5 21.
Bg2 Be5 22. Bxe5 Nxe5 23. Qb5 Qf6 24. Rfd1 h6 25. h3 Rbc8 26. a4 Rc5 27. Qa6
Rc7 28. a5 Rb8 29. Rd6 Nf7 30. axb6 axb6 31. Rxb6 Rxb6 32. Qxb6 Rc2 33. Rb1 Kh7
34. b4 Ng5 35. Qd4 e5 36. Qd1 Ra2 37. Qd5 1-0

[Event "I. Sarkany-Aranytiz GM"]
[Site "Budapest"]
[Date "2012.08.22"]
[Round "5"]
[White "Gonzalez, Bernal Manuel"]
[Black "Illner, Achim"]
[Result "0-1"]
[WhiteElo "2413"]
[BlackElo "2463"]
[PlyCount "48"]
[EventDate "2012.08.18"]
[EventType "tourn"]
[EventRounds "9"]
[EventCountry "HUN"]
[EventCategory "9"]

1. d4 d5 2. c4 e6 3. Nf3 Nf6 4. g3 dxc4 5. Bg2 b5 6. Ne5 Bb4+ 7. Bd2 Bxd2+ 8.
Qxd2 Nd5 9. a4 c6 10. axb5 cxb5 11. Nc3 f6 12. Ng4 Bb7 13. Nxb5 Qd7 14. Qa5 Nc6
15. Qa4 a6 16. Nc3 Nb6 17. Qd1 Nxd4 18. O-O Bxg2 19. Kxg2 Qc6+ 20. f3 Rd8 21.
Rxa6 Nxf3 22. Rxb6 Nh4+ 23. Kh3 Qg2+ 24. Kxh4 g5+ 0-1

[Event "I. Sarkany-Aranytiz GM"]
[Site "Budapest"]
[Date "2012.08.23"]
[Round "6"]
[White "Petenyi, Tamas"]
[Black "Illner, Achim"]
[Result "1/2-1/2"]
[WhiteElo "2445"]
[BlackElo "2463"]
[PlyCount "161"]
[EventDate "2012.08.18"]
[EventType "tourn"]
[EventRounds "9"]
[EventCountry "HUN"]
[EventCategory "9"]

1. e4 c6 2. d4 d5 3. e5 Bf5 4. Nc3 e6 5. g4 Bg6 6. Nge2 c5 7. h4 h5 8. Nf4 Bh7
9. g5 cxd4 10. Nb5 Be4 11. f3 Bf5 12. g6 Nc6 13. Nxd4 Nge7 14. Nxf5 Nxf5 15.
Bd3 Qc7 16. Bxf5 Qxe5+ 17. Qe2 Qxe2+ 18. Kxe2 Nd4+ 19. Kd3 Nxf5 20. Re1 Bd6 21.
gxf7+ Kxf7 22. Nxe6 Rhe8 23. Ng5+ Kg8 24. Bd2 Bg3 25. Rg1 Bxh4 26. Nh3 Bg3 27.
Nf4 Bxf4 28. Bxf4 Re6 29. Rg5 g6 30. Rag1 Kf7 31. Bd2 Rc8 32. R5g2 Rc4 33. c3
Nh4 34. Rg3 Nf5 35. R3g2 Rh4 36. Bg5 Rh3 37. Rf2 Re5 38. Bf4 Re6 39. Kd2 Ng7
40. Bg5 a6 41. a3 Re5 42. Bf4 Rf5 43. Ke3 Ne6 44. Bb8 Kf6 45. Rg3 Rxg3 46. Bxg3
g5 47. Rd2 Ke7 48. Rd1 Kd7 49. c4 d4+ 50. Ke4 Rc5 51. b3 b5 52. Be5 bxc4 53.
Bxd4 Nxd4 54. Rxd4+ Ke6 55. bxc4 Re5+ 56. Kd3 Ra5 57. Ke4 Re5+ 58. Kd3 Ra5 59.
Ke4 Rxa3 60. c5 a5 61. Rd6+ Ke7 62. Rg6 g4 63. fxg4 Ra4+ 64. Kd5 Rxg4 65. Rh6
Rg5+ 66. Kc4 a4 67. Kb4 a3 68. Kxa3 Rxc5 69. Kb4 Rf5 70. Kc4 Kf7 71. Kd4 Kg7
72. Ke4 Ra5 73. Rb6 Rg5 74. Kf3 Rg6 75. Rxg6+ Kxg6 76. Kg2 h4 77. Kh1 h3 78.
Kh2 Kh5 79. Kg3 h2 80. Kg2 h1=Q+ 81. Kxh1 1/2-1/2

[Event "I. Sarkany-Aranytiz GM"]
[Site "Budapest"]
[Date "2012.08.23"]
[Round "6"]
[White "Jakab, Attila"]
[Black "Berczes, David"]
[Result "1/2-1/2"]
[WhiteElo "2405"]
[BlackElo "2530"]
[PlyCount "90"]
[EventDate "2012.08.18"]
[EventType "tourn"]
[EventRounds "9"]
[EventCountry "HUN"]
[EventCategory "9"]

1. d4 e6 2. e4 d5 3. exd5 exd5 4. Nf3 Bd6 5. Bg5 f6 6. Bh4 Ne7 7. Bg3 Nbc6 8.
Be2 Be6 9. Nbd2 g5 10. c3 Qd7 11. Qc2 Bf5 12. Bd3 Bxg3 13. hxg3 Qe6+ 14. Kd1
O-O-O 15. Re1 Qd7 16. Nf1 h5 17. Ne3 Be6 18. Kd2 Rde8 19. Rh1 Nd8 20. Rh2 Rh6
21. Rah1 Reh8 22. Qd1 Nf5 23. Nxf5 Bxf5 24. Ne1 Bg4 25. Be2 Nf7 26. Nc2 Bxe2
27. Qxe2 Nd6 28. Kc1 Re8 29. Qf3 Qb5 30. Rxh5 Rxh5 31. Qxh5 Qe2 32. Qf3 Nc4 33.
Qxd5 c6 34. Qf7 Nd6 35. Qxf6 Ne4 36. Qf5+ Kb8 37. Qf7 Nxf2 38. Rg1 a6 39. a4
Ka7 40. a5 Nd3+ 41. Kb1 Rh8 42. Qb3 Qf2 43. Rd1 Qe2 44. Rg1 Qf2 45. Rd1 Qe2
1/2-1/2

[Event "I. Sarkany-Aranytiz GM"]
[Site "Budapest"]
[Date "2012.08.23"]
[Round "6"]
[White "Kislik, Erik Andrew"]
[Black "Medvegy, Zoltan"]
[Result "1/2-1/2"]
[WhiteElo "2409"]
[BlackElo "2555"]
[PlyCount "38"]
[EventDate "2012.08.18"]
[EventType "tourn"]
[EventRounds "9"]
[EventCountry "HUN"]
[EventCategory "9"]

1. d4 Nf6 2. c4 g6 3. Nc3 Bg7 4. e4 O-O 5. Nf3 c6 6. Be2 d5 7. e5 Ne4 8. O-O
Nxc3 9. bxc3 Nd7 10. a4 Nb6 11. c5 Nc4 12. Nd2 Nxd2 13. Qxd2 f6 14. f4 fxe5 15.
fxe5 Bf5 16. Bd3 Qd7 17. Rb1 Bxd3 18. Qxd3 Rxf1+ 19. Qxf1 Rf8 1/2-1/2

[Event "I. Sarkany-Aranytiz GM"]
[Site "Budapest"]
[Date "2012.08.23"]
[Round "6"]
[White "Tesik, Csaba"]
[Black "Fodor, Tamas Jr"]
[Result "1/2-1/2"]
[WhiteElo "2347"]
[BlackElo "2503"]
[PlyCount "57"]
[EventDate "2012.08.18"]
[EventType "tourn"]
[EventRounds "9"]
[EventCountry "HUN"]
[EventCategory "9"]

1. e4 e6 2. d4 d5 3. Nd2 Nf6 4. e5 Nfd7 5. f4 c5 6. c3 Nc6 7. Ndf3 Qb6 8. g3
Be7 9. Bh3 cxd4 10. cxd4 a5 11. Ne2 O-O 12. O-O a4 13. Kh1 a3 14. bxa3 g6 15.
g4 f6 16. Qd3 Qa6 17. Qe3 fxe5 18. fxe5 Nb6 19. Ng5 Rxf1+ 20. Bxf1 Nc4 21. Qf2
Nd8 22. Qh4 Bxg5 23. Bxg5 Nf7 24. Be7 Qb6 25. Bg2 Ne3 26. Qg3 Nxg2 27. Qxg2 Qc7
28. Bb4 Bd7 29. h4 1/2-1/2

[Event "I. Sarkany-Aranytiz GM"]
[Site "Budapest"]
[Date "2012.08.24"]
[Round "7"]
[White "Fodor, Tamas Jr"]
[Black "Petenyi, Tamas"]
[Result "1/2-1/2"]
[WhiteElo "2503"]
[BlackElo "2445"]
[PlyCount "28"]
[EventDate "2012.08.18"]
[EventType "tourn"]
[EventRounds "9"]
[EventCountry "HUN"]
[EventCategory "9"]

1. d4 Nf6 2. c4 g6 3. Nc3 Bg7 4. Nf3 d6 5. g3 O-O 6. Bg2 c6 7. O-O Nbd7 8. Qc2
Qc7 9. b3 b5 10. Nd2 Bb7 11. Bb2 Rac8 12. a4 bxc4 13. Nxc4 d5 14. Nd2 c5
1/2-1/2

[Event "I. Sarkany-Aranytiz GM"]
[Site "Budapest"]
[Date "2012.08.24"]
[Round "7"]
[White "Medvegy, Zoltan"]
[Black "Tesik, Csaba"]
[Result "1/2-1/2"]
[WhiteElo "2555"]
[BlackElo "2347"]
[PlyCount "40"]
[EventDate "2012.08.18"]
[EventType "tourn"]
[EventRounds "9"]
[EventCountry "HUN"]
[EventCategory "9"]

1. c4 Nf6 2. Nc3 c5 3. g3 d5 4. cxd5 Nxd5 5. Bg2 Nc7 6. Nf3 Nc6 7. O-O e5 8. a3
f6 9. e3 Bg4 10. h3 Bh5 11. Qa4 Qd7 12. b4 cxb4 13. axb4 a6 14. Nh4 Bf7 15. d4
Bc4 16. Rd1 exd4 17. Bxc6 Qxc6 18. Qxc6+ bxc6 19. Rxd4 Be6 20. Kg2 Kf7 1/2-1/2

[Event "I. Sarkany-Aranytiz GM"]
[Site "Budapest"]
[Date "2012.08.24"]
[Round "7"]
[White "Gonzalez, Bernal Manuel"]
[Black "Jakab, Attila"]
[Result "1-0"]
[WhiteElo "2413"]
[BlackElo "2405"]
[PlyCount "89"]
[EventDate "2012.08.18"]
[EventType "tourn"]
[EventRounds "9"]
[EventCountry "HUN"]
[EventCategory "9"]

1. e4 c5 2. Nf3 g6 3. d4 Bg7 4. dxc5 Qa5+ 5. c3 Qxc5 6. Na3 Qa5 7. e5 Nc6 8.
Nc4 Qc7 9. Qd5 f6 10. Bf4 fxe5 11. Nfxe5 Nxe5 12. Nxe5 e6 13. Qc4 Qa5 14. Qb5
Qxb5 15. Bxb5 Nf6 16. Nc4 O-O 17. Bd6 Re8 18. a4 Ne4 19. a5 Nxd6 20. Nxd6 Rd8
21. O-O-O Kf8 22. Nxc8 Raxc8 23. Bxd7 Rc5 24. Bxe6 Re8 25. Rd5 Rxd5 26. Bxd5 b6
27. axb6 axb6 28. Bc4 Rc8 29. Bd3 Ke7 30. Kc2 Kd6 31. Rd1 Ke5 32. Ra1 Kd6 33.
Ra6 Bd4 34. f3 Bg1 35. h3 Rc7 36. Ra8 Ke7 37. Be4 Rd7 38. Ra1 Bf2 39. b4 Kf6
40. c4 Ke5 41. Rf1 Bh4 42. c5 bxc5 43. bxc5 Kf4 44. c6 Rc7 45. Kd3 1-0

[Event "I. Sarkany-Aranytiz GM"]
[Site "Budapest"]
[Date "2012.08.25"]
[Round "8"]
[White "Petenyi, Tamas"]
[Black "Gonda, Laszlo"]
[Result "1/2-1/2"]
[WhiteElo "2445"]
[BlackElo "2547"]
[PlyCount "132"]
[EventDate "2012.08.18"]
[EventType "tourn"]
[EventRounds "9"]
[EventCountry "HUN"]
[EventCategory "9"]

1. e4 e5 2. Nf3 Nc6 3. Bb5 a6 4. Ba4 Nge7 5. c3 g6 6. O-O Bg7 7. d4 exd4 8.
cxd4 b5 9. Bb3 O-O 10. h3 d6 11. Nc3 Na5 12. Bc2 Bb7 13. b3 c5 14. Bb2 cxd4 15.
Nxd4 Qb6 16. Nce2 d5 17. Qb1 Rfe8 18. e5 Bxe5 19. Nf3 Bg7 20. Bxg7 Kxg7 21. Bd3
Qf6 22. Qe1 Nac6 23. Qd2 Rad8 24. Rac1 Bc8 25. Nf4 d4 26. Rc5 Bf5 27. Rfc1 Bxd3
28. Nxd3 Rd5 29. Qc2 Rxc5 30. Qxc5 Rd8 31. Qb6 Qf5 32. Rd1 a5 33. Nfe5 Rb8 34.
Qc7 Rc8 35. Qd6 Qf6 36. Qc5 Nxe5 37. Qxe5 Qxe5 38. Nxe5 Rc5 39. Nf3 Nc6 40. Rd2
Rc1+ 41. Kh2 Ra1 42. Nxd4 Nxd4 43. Rxd4 Rxa2 44. Rd5 b4 45. f3 h5 46. h4 Ra3
47. Rb5 Kf6 48. g4 hxg4 49. fxg4 Rxb3 50. Rxa5 Rb1 51. Rb5 b3 52. h5 gxh5 53.
Rxh5 Ke6 54. Rf5 b2 55. Rb5 Kd6 56. Kg2 Kc6 57. Rb8 Kc5 58. Rb7 f6 59. Rb8 Kd4
60. Rb7 Ke3 61. Rb8 Kd3 62. Rb7 Ke4 63. Rb8 Kf4 64. Rb4+ Kg5 65. Kh2 Kh4 66.
Kg2 Rc1 1/2-1/2

[Event "I. Sarkany-Aranytiz GM"]
[Site "Budapest"]
[Date "2012.08.25"]
[Round "8"]
[White "Jakab, Attila"]
[Black "Illner, Achim"]
[Result "1/2-1/2"]
[WhiteElo "2405"]
[BlackElo "2463"]
[PlyCount "36"]
[EventDate "2012.08.18"]
[EventType "tourn"]
[EventRounds "9"]
[EventCountry "HUN"]
[EventCategory "9"]

1. d4 g6 2. c4 Bg7 3. e4 c5 4. d5 d6 5. Nc3 e6 6. Bd3 exd5 7. exd5 Ne7 8. Nge2
Nd7 9. O-O Ne5 10. b3 O-O 11. h3 Bf5 12. Bxf5 Nxf5 13. Bf4 Re8 14. Qd2 a6 15.
a4 Nd4 16. Nxd4 cxd4 17. Ne2 d3 18. Ng3 Qb6 1/2-1/2